Colors Of The Rainbow - Statistics

General Stats
  • This quiz has been taken 51 times
  • The average score is 6 of 7
Answer Stats
Hint Answer % Correct
Color Red
100%
Color Yellow
100%
Color Blue
97%
Color Green
97%
Color Orange
97%
Color Violet
73%
Color Indigo
65%
No matching quizzes found
Score Distribution
Percent of People with Each Score
Percentile by Number Answered
Your Score History
You have not taken this quiz